| 000 | 01817nam a2200445 a 4500 | ||
|---|---|---|---|
| 001 | vtls000282647 | ||
| 003 | NLI | ||
| 005 | 20210602125637.0 | ||
| 008 | 101203s1964 nyu 000 0 eng | ||
| 039 | 9 |
_y201012031838 _zVLOAD |
|
| 040 | 0 |
_aNLI _beng _cVERGIS-2010 _eAACR2 |
|
| 041 | 1 |
_aeng _hhun |
|
| 044 | _anyu | ||
| 082 | 0 | 4 | _a611.084 |
| 240 | 1 | 0 |
_aEmber anatomiajanak atlasza . _lEnglish |
| 245 | 0 | 0 |
_aAtlas of human anatomy / _cedited by Ferenc Kiss [and] Janos Szentagothai |
| 250 | _a8th ed. | ||
| 260 |
_aNew York : _bMacmillan, _c1964 |
||
| 300 |
_a3 v. ; _c30 cm. |
||
| 500 | _a"A Pergamon Press book." | ||
| 500 | _aAdded title pages in Latin; legends and tables in Latin and English | ||
| 500 | _aTranslated from the Hungarian | ||
| 505 | 0 | _aVol.1. Osteology, syndesmology, myology .-- v.2. Splanchnology, endocrine glands, heart . -- v.3 Nervous system, vascular system, lymphatic system, sense organs | |
| 650 | 0 |
_aHuman anatomy _xAtlases _9421185 |
|
| 700 | 1 |
_aKiss, Ferenc, _d1889-1966, _4edt _9438320 |
|
| 700 | 1 |
_aSzentagothai, Janos, _4edt _9438321 |
|
| 740 | 0 | 2 | _aOsteology, syndesmology, myology. |
| 740 | 0 | 2 | _aSplanchnology, endocrine glands, heart |
| 740 | 0 | 2 | _aNervous system, vascular system, lymphatic system, sense organs |
| 887 | _a | ||
| 901 |
_aG4718 _b23.10.1962 _9v.1 |
||
| 901 |
_aG4719 _b25.10.1962 _9v.2 |
||
| 901 |
_aG4720 _b25.10.1962 _9v.3 |
||
| 902 | _aE/O 611.084 K 643 (1) | ||
| 949 |
_AVIRTUAITEM _D10000 _X100 _6GXX000004718ENG _9v.1 |
||
| 942 |
_2ddc _cBKS |
||
| 949 |
_AVIRTUAITEM _D10000 _X100 _6GXX000004719ENG _9v.2 |
||
| 949 |
_AVIRTUAITEM _D10000 _X100 _6GXX000004720ENG _9v.3 |
||
| 999 |
_aVIRTUA40 _c242588 _d242588 |
||
| 999 | _aVTLSSORT0080*0400*0410*0440*0820*2400*2450*2500*2600*3000*5000*5001*5002*5050*6500*7000*7001*7400*7401*7402*9010*9011*9012*9020*9490*9491*9492*9991 | ||